000 00298nam a22001337a 4500
003 SGT
082 _a617.96
_bS16H
100 _aHINES,ROBERTA L
245 _aSTOELTHINGS ANESTHESIA AND COEXISTING DISEASE
250 _a2ND
260 _aINDIA
_bELSEVIER
_c2016
300 _a716
942 _2ddc
_cBK
999 _c14232
_d14232